[Event "Titled Tuesday intern op 02nd Apr Late"]
[Site "Chess.com INT"]
[Date "2024.04.02"]
[Round "2"]
[White "Koksal, Ege"]
[Black "De Souza, Arthur Olintho"]
[Result "1/2-1/2"]
[WhiteElo "2297"]
[BlackElo "2113"]
[PlyCount "57"]
[EventDate "2024.04.02"]
[EventType "swiss (blitz)"]
[EventRounds "11"]
[EventCountry "USA"]
[SourceTitle "CB15_2024"]
[SourceDate "2024.04.10"]
[SourceVersion "1"]
[SourceVersionDate "2024.04.10"]
[SourceQuality "1"]

1. c4 c5 2. Nc3 Nc6 3. g3 g6 4. Bg2 Bg7 5. e3 Nf6 6. Nge2 0-0 7. 0-0 e6 8. d4 cxd4 9. Nxd4 Qb6 10. b3 Rd8 11. Bb2 d5 12. cxd5 Nxd5 13. Nxd5 exd5 14. Rc1 Nxd4 15. Bxd4 Bxd4 16. Qxd4 Qxd4 17. exd4 Rd6 18. Rc7 Rc6 19. Rc1 Rxc1+ 20. Rxc1 Be6 21. Rc7 b6 22. Kf1 Kf8 23. Ke2 Ke8 24. Kd2 Kd8 25. Rb7 Kc8 26. Re7 Kd8 27. Rb7 Kc8 28. Re7 Kd8 29. Rb7 1/2-1/2

[Event "Mersin op 7th"]
[Site "Mersin"]
[Date "2023.11.18"]
[Round "9"]
[White "Koksal, Ege"]
[Black "Yildiz, Serdar Murat"]
[Result "1-0"]
[WhiteElo "2325"]
[BlackElo "2134"]
[PlyCount "109"]
[EventDate "2023.11.12"]
[EventType "swiss"]
[EventRounds "9"]
[EventCountry "TUR"]
[SourceTitle "CB47_2023"]
[SourceDate "2023.11.22"]
[SourceVersion "1"]
[SourceVersionDate "2023.11.22"]
[SourceQuality "1"]

1. d4 Nf6 2. Nf3 e6 3. Bf4 b6 4. e3 Bb7 5. Bd3 Nh5 6. Bg5 Be7 7. Bxe7 Qxe7 8. 0-0 f5 9. Nbd2 0-0 10. c3 c5 11. Qc2 cxd4 12. exd4 Nf4 13. Rfe1 Nxd3 14. Qxd3 Nc6 15. d5 Qd6 16. Nc4 Qxd5 17. Qxd5 exd5 18. Nd6 Na5 19. Nxb7 Nxb7 20. Rad1 Rae8 21. Rxe8 Rxe8 22. Kf1 g6 23. Rxd5 Re7 24. Ne5 Nc5 25. f4 Kf8 26. Ke2 Ke8 27. Kf3 Ne4 28. h3 Nc5 29. g4 fxg4+ 30. hxg4 Ne6 31. Nd3 Nc7 32. Rd4 Ne6 33. Ra4 d6 34. Nb4 Nc5 35. Ra3 Rf7 36. Nc6 Nd3 37. Nxa7 Nxf4 38. Nb5 Nd5+ 39. Ke4 Nf6+ 40. Kd4 Ke7 41. Ra7+ Kf8 42. Rxf7+ Kxf7 43. g5 Nd7 44. Kd5 Ke7 45. Nxd6 h5 46. gxh6 Nf6+ 47. Kc6 Ke6 48. a4 g5 49. Ne4 g4 50. Ng3 Ke5 51. b4 Kf4 52. Nf1 Ke4 53. a5 bxa5 54. bxa5 Kd3 55. a6 1-0

[Event "Mersin op 7th"]
[Site "Mersin"]
[Date "2023.11.15"]
[Round "5"]
[White "Koksal, Ege"]
[Black "Ererdem, Gani Eren"]
[Result "1-0"]
[WhiteElo "2325"]
[BlackElo "2040"]
[PlyCount "79"]
[EventDate "2023.11.12"]
[EventType "swiss"]
[EventRounds "9"]
[EventCountry "TUR"]
[SourceTitle "CB47_2023"]
[SourceDate "2023.11.22"]
[SourceVersion "1"]
[SourceVersionDate "2023.11.22"]
[SourceQuality "1"]

1. d4 g6 2. c4 Bg7 3. e4 d6 4. Nc3 e5 5. d5 f5 6. h4 Nf6 7. h5 Nxe4 8. Nxe4 fxe4 9. Nh3 Bf6 10. Be3 Na6 11. b4 c5 12. dxc6 bxc6 13. Qa4 0-0 14. hxg6 hxg6 15. c5 Nxb4 16. Qxb4 d5 17. Qd2 Qe7 18. Rc1 Rb8 19. Ng5 Bxg5 20. Bxg5 Qf7 21. Bh4 Qg7 22. Bg3 Be6 23. Be2 Rb7 24. Qg5 Bf5 25. Bg4 Re7 26. Rh6 Re6 27. Rb1 e3 28. Bxf5 exf2+ 29. Kf1 Rxf5 30. Rb8+ Rf8 31. Rxf8+ Kxf8 32. Qd8+ Kf7 33. Rh4 g5 34. Qd7+ Kf6 35. Qxg7+ Kxg7 36. Ra4 e4 37. Kxf2 Re7 38. Ke3 Rb7 39. Ra6 Rb2 40. Be5+ 1-0

[Event "Mersin op 7th"]
[Site "Mersin"]
[Date "2023.11.12"]
[Round "1"]
[White "Koksal, Ege"]
[Black "Deveci, Huseyin Said"]
[Result "1-0"]
[WhiteElo "2325"]
[BlackElo "2059"]
[PlyCount "105"]
[EventDate "2023.11.12"]
[EventType "swiss"]
[EventRounds "9"]
[EventCountry "TUR"]
[SourceTitle "CB47_2023"]
[SourceDate "2023.11.22"]
[SourceVersion "1"]
[SourceVersionDate "2023.11.22"]
[SourceQuality "1"]

1. c4 c6 2. Nc3 Nf6 3. d4 d5 4. e3 e6 5. Nf3 Bd6 6. Bd3 0-0 7. e4 dxe4 8. Nxe4 Nxe4 9. Bxe4 Nd7 10. 0-0 Nf6 11. Bc2 b6 12. Bg5 h6 13. Bh4 Bb7 14. Qd3 g5 15. Bg3 c5 16. Rad1 Bxg3 17. fxg3 Be4 18. Qe2 Bxc2 19. Qxc2 cxd4 20. Nxd4 Qe7 21. Kh1 Nh7 22. Qe4 Qc5 23. b3 Rad8 24. h3 Rd6 25. Nb5 Rxd1 26. Rxd1 Qf2 27. Qf3 Qxa2 28. Rd7 Qa1+ 29. Kh2 Qf6 30. Qb7 h5 31. Qe4 h4 32. g4 Rd8 33. Rxd8+ Qxd8 34. Qe5 Nf8 35. Nxa7 Ng6 36. Nc6 Qd3 37. Qb8+ Kh7 38. Qc7 Kh6 39. Nd8 Nh8 40. b4 Qd4 41. c5 bxc5 42. bxc5 e5 43. Qd6+ Ng6 44. Nxf7+ Kg7 45. Qxd4 exd4 46. Nxg5 Kf6 47. Nf3 d3 48. Kg1 Ke6 49. Kf2 Kd5 50. Ke3 Kxc5 51. Kxd3 Nf4+ 52. Ke4 Nxg2 53. Ne5 1-0

[Event "Umraniye White Elephant 32nd"]
[Site "Umraniye"]
[Date "2023.10.28"]
[Round "5"]
[White "Koksal, Ege"]
[Black "Demirtas, Alper"]
[Result "1/2-1/2"]
[WhiteElo "2337"]
[BlackElo "2060"]
[PlyCount "140"]
[EventDate "2023.10.25"]
[EventType "swiss"]
[EventRounds "7"]
[EventCountry "TUR"]
[SourceTitle "Mega2024 Update 01"]
[Source "Chessbase"]
[SourceDate "2023.11.12"]
[SourceVersion "1"]
[SourceVersionDate "2023.11.12"]
[SourceQuality "1"]

1. d4 d5 2. c4 e6 3. Nc3 Nf6 4. cxd5 exd5 5. Bg5 Be7 6. e3 c6 7. Bd3 Nbd7 8. Qc2 Nh5 9. Bxe7 Qxe7 10. Nge2 g6 11. 0-0-0 Nb6 12. Nf4 Nxf4 13. exf4 Be6 14. Rhe1 0-0-0 15. Na4 Nxa4 16. Qxa4 Kb8 17. g3 c5 18. Qa3 Rc8 19. Kd2 Rc7 20. dxc5 Rxc5 21. Rc1 Rhc8 22. Rxc5 Rxc5 23. h4 b6 24. b4 Rc7 25. Qb2 Qd6 26. Qd4 Qc6 27. a3 Qa4 28. Qb2 d4 29. Re4 Rc3 30. Rxd4 Rxa3 31. Qc1 Ra2+ 32. Ke3 Qe8 33. Kf3 Qc8 34. Qe3 Qc6+ 35. Be4 Qb5 36. f5 Bd7 37. Bd5 Rc2 38. Qe5+ Kc8 39. Qh8+ Kc7 40. Qe5+ Kc8 41. Qe7 Bc6 42. Qf8+ Be8 43. Re4 Qxd5 44. Qxe8+ Kb7 45. Qe5 Qxe5 46. Rxe5 Ka6 47. Re7 gxf5 48. b5+ Kxb5 49. Rxa7 h5 50. Rxf7 Rc5 51. Rh7 Kc4 52. Rxh5 b5 53. Rh8 b4 54. Re8 b3 55. Re2 Kd3 56. h5 Rc2 57. Re3+ Kc4 58. Re8 b2 59. Rc8+ Kb3 60. Rb8+ Ka2 61. Rxb2+ Kxb2 62. Ke3 Kc3 63. h6 Rc1 64. Kf4 Rh1 65. Kxf5 Rxh6 66. g4 Kd4 67. g5 Ra6 68. g6 Ra5+ 69. Kf6 Ra6+ 70. Kf5 Rxg6 1/2-1/2

[Event "Titled Tuesday intern op 28th Mar Late"]
[Site "Chess.com INT"]
[Date "2023.03.28"]
[Round "1"]
[White "Koksal, Ege"]
[Black "Bogaudinov, Rushan"]
[Result "1-0"]
[WhiteElo "2321"]
[BlackElo "1939"]
[PlyCount "107"]
[EventDate "2023.03.28"]
[EventType "swiss (blitz)"]
[EventRounds "11"]
[EventCountry "USA"]
[SourceTitle "EXT 2024"]
[Source "ChessBase"]
[SourceDate "2023.10.10"]
[SourceVersion "1"]
[SourceVersionDate "2023.10.10"]
[SourceQuality "1"]

1. d4 d5 2. c4 dxc4 3. Nc3 e5 4. Nf3 exd4 5. Qxd4 Qxd4 6. Nxd4 c6 7. e4 Bc5 8. Be3 Nf6 9. f3 0-0 10. Bxc4 Nbd7 11. 0-0-0 Nb6 12. Bb3 a5 13. a3 a4 14. Ba2 Re8 15. Rhe1 Be6 16. Nxe6 Bxe3+ 17. Rxe3 fxe6 18. Rd6 Kf7 19. Ne2 Ke7 20. Rxe6+ Kf8 21. Rxe8+ Rxe8 22. Nf4 Ke7 23. Rd3 Nbd7 24. Ne6 g6 25. Rd4 b5 26. Rd2 c5 27. Nc7 Rb8 28. Nd5+ Nxd5 29. Bxd5 c4 30. Kc2 Ne5 31. f4 Nd3 32. g3 Kd6 33. Kc3 Kc5 34. h4 h6 35. h5 gxh5 36. f5 Rb6 37. Rh2 b4+ 38. axb4+ Rxb4 39. Bxc4 Rxc4+ 40. Kxd3 Rd4+ 41. Ke3 Rb4 42. f6 Kd6 43. Rxh5 Rxb2 44. Rf5 Rb8 45. f7 Rf8 46. Rf6+ Ke7 47. Rxh6 Ra8 48. Rg6 Kxf7 49. Rb6 a3 50. Rb1 a2 51. Ra1 Kf6 52. Kf4 Ra4 53. g4 Ke6 54. Kg5 1-0

[Event "Titled Tuesday intern op 28th Mar Late"]
[Site "Chess.com INT"]
[Date "2023.03.28"]
[Round "4"]
[White "Koksal, Ege"]
[Black "Rustemov, Alexander"]
[Result "0-1"]
[WhiteElo "2321"]
[BlackElo "2525"]
[PlyCount "84"]
[EventDate "2023.03.28"]
[EventType "swiss (blitz)"]
[EventRounds "11"]
[EventCountry "USA"]
[SourceTitle "EXT 2024"]
[Source "ChessBase"]
[SourceDate "2023.10.10"]
[SourceVersion "1"]
[SourceVersionDate "2023.10.10"]
[SourceQuality "1"]

1. d4 d5 2. c4 c6 3. cxd5 cxd5 4. Bf4 Nf6 5. e3 Nc6 6. Nc3 a6 7. Nf3 Bg4 8. Be2 e6 9. 0-0 Bd6 10. Bg3 0-0 11. Rc1 Rc8 12. Bh4 Be7 13. Bg3 Ne4 14. Nxe4 dxe4 15. Nd2 Bxe2 16. Qxe2 Qd5 17. a3 f5 18. Nc4 Qb5 19. Rc2 Na5 20. Nxa5 Qxa5 21. Rfc1 Rxc2 22. Qxc2 Qb5 23. h3 h6 24. Be5 Bf6 25. Bxf6 Rxf6 26. b4 Kh7 27. Qc7 Rg6 28. Qe5 Qe2 29. g3 Qb2 30. Rc8 Qb1+ 31. Kg2 Qd1 32. Qb8 Qf3+ 33. Kg1 Rf6 34. Rh8+ Kg6 35. Qe8+ Kg5 36. Rg8 g6 37. Qe7 Qd1+ 38. Kh2 Qf1 39. h4+ Kg4 40. Qxf6 Qxf2+ 41. Kh1 Kh3 42. Qxg6 Qg2# 0-1

[Event "Titled Tuesday intern op 28th Mar Late"]
[Site "Chess.com INT"]
[Date "2023.03.28"]
[Round "8"]
[White "Pires, Marcos Vinicius Tor"]
[Black "Koksal, Ege"]
[Result "0-1"]
[WhiteElo "2253"]
[BlackElo "2321"]
[PlyCount "94"]
[EventDate "2023.03.28"]
[EventType "swiss (blitz)"]
[EventRounds "11"]
[EventCountry "USA"]
[SourceTitle "EXT 2024"]
[Source "ChessBase"]
[SourceDate "2023.10.10"]
[SourceVersion "1"]
[SourceVersionDate "2023.10.10"]
[SourceQuality "1"]

1. d4 d5 2. Bf4 c6 3. e3 Nf6 4. Nf3 Bg4 5. Be2 e6 6. h3 Bh5 7. c4 Nbd7 8. Nc3 Be7 9. Qb3 Qb6 10. c5 Qxb3 11. axb3 Bxf3 12. Bxf3 a6 13. b4 Rc8 14. 0-0 0-0 15. Ne2 Rfe8 16. Nc1 Bd8 17. Nb3 Bc7 18. Bxc7 Rxc7 19. Na5 e5 20. dxe5 Nxe5 21. Rfd1 Kf8 22. Rd4 g6 23. Rad1 h5 24. Be2 Ne4 25. Bf3 Nxf3+ 26. gxf3 Ng5 27. Kg2 Ne6 28. R4d2 f5 29. f4 h4 30. Kf3 Kf7 31. Rg1 Kf6 32. Rdd1 g5 33. fxg5+ Nxg5+ 34. Ke2 Nxh3 35. Rh1 Nf4+ 36. Kf3 Ng6 37. Rdg1 Re4 38. Rg2 Rxb4 39. b3 Rb5 40. Ra1 Rxc5 41. b4 Rc2 42. Rgg1 Ne5+ 43. Kg2 Ng4 44. Kh3 Nxf2+ 45. Kxh4 Rh7+ 46. Kg3 Ne4+ 47. Kf4 Rf2# 0-1

[Event "Titled Tuesday intern op 28th Mar Late"]
[Site "Chess.com INT"]
[Date "2023.03.28"]
[Round "3"]
[White "Sarana, Alexey"]
[Black "Koksal, Ege"]
[Result "0-1"]
[WhiteElo "2668"]
[BlackElo "2321"]
[PlyCount "142"]
[EventDate "2023.03.28"]
[EventType "swiss (blitz)"]
[EventRounds "11"]
[EventCountry "USA"]
[SourceTitle "EXT 2024"]
[Source "ChessBase"]
[SourceDate "2023.10.10"]
[SourceVersion "1"]
[SourceVersionDate "2023.10.10"]
[SourceQuality "1"]

1. d4 d5 2. c4 c6 3. Nf3 Nf6 4. Nc3 e6 5. g3 Nbd7 6. Bg2 Be7 7. 0-0 b6 8. Ne5 Bb7 9. e4 dxe4 10. Nxe4 Nxe5 11. dxe5 Nxe4 12. Bxe4 Qc7 13. Bf4 0-0 14. h4 c5 15. Bc2 Rfd8 16. Qe2 Rd4 17. Rad1 Rad8 18. b3 Qc6 19. f3 Rxd1 20. Bxd1 h5 21. Bc2 g6 22. Kf2 Rd4 23. Rd1 Qd7 24. Be3 Rxd1 25. Bxd1 Bf8 26. Bc2 Bg7 27. f4 Qc6 28. Ke1 Bf8 29. Kd2 Be7 30. Kc3 a6 31. a3 b5 32. Bd3 b4+ 33. axb4 cxb4+ 34. Kb2 Bc5 35. Qf2 Bxe3 36. Qxe3 Kg7 37. c5 Qd5 38. Bc4 Qg2+ 39. Kc1 a5 40. Be2 Bd5 41. Kd2 Qh1 42. Bd1 Qg2+ 43. Kc1 Qa2 44. Bc2 Qa1+ 45. Kd2 Qb2 46. Qd3 a4 47. bxa4 b3 48. Qc3 Qa2 49. c6 bxc2 50. c7 Bb7 51. Qxc2 Qxc2+ 52. Kxc2 Kf8 53. Kc3 Ke7 54. Kb4 Kd7 55. Kb5 Kxc7 56. Kc5 Ba6 57. a5 Be2 58. Kd4 Kc6 59. Ke3 Bc4 60. Kd4 Bd5 61. a6 Kb6 62. a7 Kxa7 63. Kc5 Kb7 64. Kd6 Be4 65. Ke7 Bf5 66. Kxf7 Kc6 67. Kf6 Kd5 68. Kg5 Ke4 69. g4 hxg4 70. h5 gxh5 71. Kh4 Kf3 0-1

[Event "TUR-ch"]
[Site "Kemer"]
[Date "2022.12.03"]
[Round "9"]
[White "Koksal, Ege"]
[Black "Yaran, Siar"]
[Result "1/2-1/2"]
[WhiteElo "2321"]
[BlackElo "2291"]
[PlyCount "61"]
[EventDate "2022.11.25"]
[EventType "tourn"]
[EventRounds "9"]
[EventCountry "TUR"]
[EventCategory "5"]
[SourceTitle "CBM 211 Extra"]
[Source "ChessBase"]
[SourceDate "2023.01.31"]
[SourceVersion "1"]
[SourceVersionDate "2023.01.31"]
[SourceQuality "1"]

1. Nf3 d5 2. d4 Nf6 3. c4 e6 4. g3 Be7 5. Bg2 0-0 6. 0-0 dxc4 7. Qc2 a6 8. a4 Bd7 9. Ne5 Bc6 10. Nxc6 Nxc6 11. e3 Na5 12. Nd2 c5 13. dxc5 Rc8 14. b4 cxb3 15. Nxb3 Nxb3 16. Qxb3 Nd7 17. Ba3 Nxc5 18. Bxc5 Rxc5 19. Qxb7 a5 20. Rfd1 Qc7 21. Qxc7 Rxc7 22. Rac1 Rfc8 23. Rxc7 Rxc7 24. Bf1 g6 25. Bb5 Kf8 26. Rd7 Rc2 27. Kg2 Bb4 28. Rd1 Bd2 29. Kf3 Rb2 30. h4 h5 31. Ke4 1/2-1/2

[Event "TUR-ch"]
[Site "Kemer"]
[Date "2022.11.28"]
[Round "4"]
[White "Koksal, Ege"]
[Black "Yilmaz, Mustafa"]
[Result "0-1"]
[WhiteElo "2321"]
[BlackElo "2621"]
[PlyCount "120"]
[EventDate "2022.11.25"]
[EventType "tourn"]
[EventRounds "9"]
[EventCountry "TUR"]
[EventCategory "5"]
[SourceTitle "CBM 211 Extra"]
[Source "ChessBase"]
[SourceDate "2023.01.31"]
[SourceVersion "1"]
[SourceVersionDate "2023.01.31"]
[SourceQuality "1"]

1. d4 Nf6 2. Nf3 e6 3. g3 c5 4. Bg2 cxd4 5. 0-0 d5 6. Nxd4 e5 7. Nf3 Nc6 8. c4 d4 9. e3 Be7 10. exd4 exd4 11. Bf4 Be6 12. Ne5 Rc8 13. Nd2 0-0 14. Ndf3 Nxe5 15. Nxe5 Bxc4 16. Nxc4 Rxc4 17. Qd3 Rb4 18. Rab1 Nd7 19. Qd2 Nb8 20. Rfc1 Nc6 21. Bxc6 bxc6 22. Rxc6 Rb7 23. Rc4 Bf6 24. Re1 Qd5 25. b3 d3 26. h4 h6 27. Rd1 Re8 28. Be3 Rd7 29. Rdc1 Ree7 30. Rc5 Qf3 31. R5c4 Kh7 32. Re1 Qf5 33. Kg2 Qd5+ 34. Kg1 Re6 35. Rcc1 Bxh4 36. Bf4 Bf6 37. Rxe6 fxe6 38. Be3 Qf3 39. Qd1 Qe2 40. Kg2 Qxa2 41. Bd2 Qb2 42. Rc6 Qe5 43. Qf3 Qe2 44. Qe3 Bg5 45. Qxe2 dxe2 46. Ba5 Rd5 47. Bb4 a5 48. Bc3 Bf6 49. Be1 Rd1 50. Bxa5 e1Q 51. Bxe1 Rxe1 52. b4 Bd4 53. Kf3 e5 54. Rc4 h5 55. Rc2 Rb1 56. Rc4 Rb3+ 57. Ke4 Bxf2 58. Kxe5 Bxg3+ 59. Kd5 Be1 60. Kc5 Bxb4+ 0-1

[Event "Mersin op 6th"]
[Site "Mersin"]
[Date "2022.09.10"]
[Round "9"]
[White "Koksal, Ege"]
[Black "Duman, Aydin"]
[Result "1/2-1/2"]
[WhiteElo "2331"]
[BlackElo "2131"]
[PlyCount "303"]
[EventDate "2022.09.04"]
[EventType "swiss"]
[EventRounds "9"]
[EventCountry "TUR"]
[SourceTitle "CBM 210 Extra"]
[Source "ChessBase"]
[SourceDate "2022.11.30"]
[SourceVersion "1"]
[SourceVersionDate "2022.11.30"]
[SourceQuality "1"]

1. d4 Nf6 2. Nf3 g6 3. c4 Bg7 4. Nc3 0-0 5. e4 d6 6. Be2 e5 7. 0-0 exd4 8. Nxd4 Re8 9. f3 Nc6 10. Be3 Nh5 11. Qd2 Nf4 12. Bxf4 Nxd4 13. Bg5 Nxe2+ 14. Nxe2 f6 15. Bh4 Be6 16. b3 g5 17. Bf2 f5 18. Nd4 fxe4 19. Rae1 Bd7 20. fxe4 Qf6 21. Be3 Qe5 22. Nf3 Qxe4 23. Nxg5 Qg6 24. Qd5+ Kh8 25. Qxb7 h6 26. Nf3 Bh3 27. Rf2 Bc3 28. Ref1 c5 29. Bd2 Bg7 30. Nh4 Qh5 31. Rf4 Bg4 32. Nf3 Be6 33. Qe4 d5 34. cxd5 Bxd5 35. Qd3 Rad8 36. Bc3 Bxf3 37. Bxg7+ Kxg7 38. Qxf3 Qxf3 39. R4xf3 Re2 40. Rg3+ Kh8 41. h3 Rxa2 42. Rf6 Kh7 43. Rf7+ Kh8 44. Rc7 Rg8 45. Rxg8+ Kxg8 46. Rxc5 a5 47. Kh2 a4 48. bxa4 Rxa4 49. Rc7 Ra3 50. h4 Rb3 51. g3 Ra3 52. Kh3 Ra4 53. Re7 Rb4 54. Kg2 Rb3 55. Kf2 Ra3 56. Re3 Ra7 57. Kf3 Kg7 58. Kf4 Ra4+ 59. Re4 Ra7 60. Rd4 Rb7 61. g4 Ra7 62. Kf5 Ra5+ 63. Ke6 Kg6 64. Rd5 Ra6+ 65. Ke5 Ra4 66. Rd6+ Kg7 67. Rd7+ Kg8 68. Kf5 Ra5+ 69. Kf6 Ra6+ 70. Ke5 Ra5+ 71. Rd5 Ra4 72. Kf5 Kg7 73. Rd7+ Kg8 74. Re7 Ra5+ 75. Re5 Ra4 76. Re4 Ra5+ 77. Kf6 Ra6+ 78. Re6 Ra4 79. Re8+ Kh7 80. Re7+ Kg8 81. Kf5 Ra5+ 82. Re5 Ra4 83. Rb5 Kg7 84. Rc5 Rb4 85. Rd5 Ra4 86. Rd7+ Kg8 87. Rd6 Kg7 88. Re6 Ra5+ 89. Re5 Ra4 90. Re7+ Kg8 91. Re4 Ra5+ 92. Re5 Ra4 93. Re1 Ra5+ 94. Kf4 Kg7 95. Re5 Ra7 96. Kf5 Ra4 97. Re7+ Kg8 98. Re4 Ra5+ 99. Kf6 Ra6+ 100. Ke7 Kg7 101. Kd7 Ra7+ 102. Kd6 Ra6+ 103. Kc5 Ra1 104. Kd4 Rh1 105. h5 Kf6 106. Re8 Rd1+ 107. Kc3 Kg7 108. Re5 Rd7 109. Re4 Ra7 110. Kd3 Ra3+ 111. Kd4 Ra4+ 112. Ke3 Ra7 113. Kf4 Rf7+ 114. Ke5 Ra7 115. Rd4 Ra5+ 116. Ke6 Ra6+ 117. Rd6 Ra5 118. Rd7+ Kg8 119. Rd5 Ra4 120. Kf5 Ra7 121. Rd6 Kg7 122. Rg6+ Kh7 123. Rd6 Rg7 124. Rd4 Ra7 125. Rd5 Kg7 126. Ke6 Ra4 127. Rd7+ Kg8 128. Kf5 Ra5+ 129. Ke6 Ra4 130. Kf5 Ra5+ 131. Kf6 Ra6+ 132. Ke5 Ra5+ 133. Rd5 Ra4 134. Kf5 Kg7 135. Re5 Ra7 136. Rd5 Rb7 137. Ke6 Rb4 138. Kf5 Rb7 139. Rd6 Ra7 140. Rg6+ Kh7 141. Re6 Kg7 142. Rg6+ Kh7 143. Rd6 Kg7 144. Ke6 Ra4 145. Rd7+ Kg8 146. Kf5 Ra5+ 147. Kf6 Ra6+ 148. Ke7 Ra4 149. Rd6 Rxg4 150. Rxh6 Kg7 151. Rg6+ Rxg6 152. hxg6 1/2-1/2

[Event "Mersin op 6th"]
[Site "Mersin"]
[Date "2022.09.05"]
[Round "3"]
[White "Koksal, Ege"]
[Black "Ozsakallioglu, Okan"]
[Result "1-0"]
[WhiteElo "2331"]
[BlackElo "2232"]
[PlyCount "73"]
[EventDate "2022.09.04"]
[EventType "swiss"]
[EventRounds "9"]
[EventCountry "TUR"]
[SourceTitle "CBM 210 Extra"]
[Source "ChessBase"]
[SourceDate "2022.11.30"]
[SourceVersion "1"]
[SourceVersionDate "2022.11.30"]
[SourceQuality "1"]

1. d4 d5 2. Nf3 Nf6 3. c4 c6 4. Qc2 g6 5. Bf4 Bg7 6. e3 0-0 7. cxd5 cxd5 8. Nc3 Nc6 9. Ne5 Nh5 10. Nxc6 bxc6 11. Bg5 h6 12. Bh4 g5 13. Bg3 Nxg3 14. hxg3 c5 15. dxc5 Qa5 16. Bd3 Qxc5 17. 0-0 Rb8 18. Rab1 Bd7 19. Rfe1 Rfc8 20. Qe2 Qa5 21. e4 e6 22. exd5 exd5 23. Qf3 Bc6 24. Bf5 Rf8 25. b4 Qa3 26. Be4 f5 27. Qe3 Qa6 28. b5 Qb6 29. Ne2 a6 30. bxa6 Qxa6 31. Rxb8 Rxb8 32. Nd4 Qb6 33. Ne6 Kf7 34. Nxg7 Kxg7 35. a4 Qb4 36. Rc1 Ra8 37. Kf1 1-0

[Event "TUR-chT"]
[Site "Ankara"]
[Date "2022.08.19"]
[Round "4.2"]
[White "Caputcuoglu, Zeki Berke"]
[Black "Koksal, Ege"]
[Result "1/2-1/2"]
[WhiteElo "2263"]
[BlackElo "2331"]
[PlyCount "103"]
[EventDate "2022.08.16"]
[EventType "team-tourn"]
[EventRounds "13"]
[EventCountry "TUR"]
[SourceTitle "CBM 209 Extra"]
[Source "ChessBase"]
[SourceDate "2022.09.30"]
[SourceVersion "1"]
[SourceVersionDate "2022.09.30"]
[SourceQuality "1"]
[WhiteTeam "Gokyay Vakfi"]
[BlackTeam "Bayegan Pendik"]
[WhiteTeamCountry "TUR"]
[BlackTeamCountry "TUR"]

1. e4 e5 2. Nf3 Nc6 3. Bb5 a6 4. Ba4 Nf6 5. 0-0 Be7 6. Re1 b5 7. Bb3 0-0 8. h3 d6 9. c3 Nb8 10. d4 Nbd7 11. Nbd2 Bb7 12. Bc2 Re8 13. Nf1 Bf8 14. Ng3 g6 15. a4 Bg7 16. d5 Nb6 17. b3 bxa4 18. bxa4 c6 19. a5 Nc4 20. Ba4 cxd5 21. Bxe8 Qxe8 22. Nd2 Nxd2 23. Qxd2 Qc6 24. Rb1 Nxe4 25. Nxe4 dxe4 26. Rb6 e3 27. fxe3 Qe4 28. Rb4 Qc6 29. e4 Rd8 30. Qf2 Rd7 31. Qb2 h6 32. Be3 Kh7 33. Qb3 Rc7 34. Bf2 Bf8 35. Rd1 Bc8 36. Bb6 Be6 37. Qb2 Rc8 38. Bf2 Kg7 39. Qd2 Be7 40. Re1 Bg5 41. Be3 Qc5 42. Kh2 Qxa5 43. Bxg5 hxg5 44. Qxg5 Rxc3 45. Reb1 Qc5 46. Qh4 Rc1 47. Rxc1 Qxb4 48. Rf1 Bf5 49. Rxf5 gxf5 50. Qg5+ Kf8 51. Qd8+ Kg7 52. Qg5+ 1/2-1/2

[Event "TUR-chT"]
[Site "Ankara"]
[Date "2022.08.18"]
[Round "3.4"]
[White "Koksal, Ege"]
[Black "Gunduz, Umut Erdem"]
[Result "1/2-1/2"]
[WhiteElo "2331"]
[BlackElo "2387"]
[PlyCount "33"]
[EventDate "2022.08.16"]
[EventType "team-tourn"]
[EventRounds "13"]
[EventCountry "TUR"]
[SourceTitle "CBM 209 Extra"]
[Source "ChessBase"]
[SourceDate "2022.09.30"]
[SourceVersion "1"]
[SourceVersionDate "2022.09.30"]
[SourceQuality "1"]
[WhiteTeam "Bayegan Pendik"]
[BlackTeam "Rota Koleji Dernegi"]
[WhiteTeamCountry "TUR"]
[BlackTeamCountry "TUR"]

1. d4 d5 2. c4 c6 3. cxd5 cxd5 4. Nf3 Nc6 5. Nc3 Nf6 6. Bf4 Bf5 7. e3 e6 8. Bd3 Bxd3 9. Qxd3 Bd6 10. Bxd6 Qxd6 11. 0-0 0-0 12. Rfc1 Rfc8 13. Nb5 Qd8 14. Nc3 Qd6 15. Nb5 Qd8 16. Nc3 Qd6 17. Nb5 1/2-1/2

[Event "Istanbul op"]
[Site "Istanbul"]
[Date "2022.08.11"]
[Round "5"]
[White "Pour Agha Bala, Amirreza"]
[Black "Koksal, Ege"]
[Result "1-0"]
[WhiteElo "2436"]
[BlackElo "2331"]
[PlyCount "85"]
[EventDate "2022.08.08"]
[EventType "swiss"]
[EventRounds "9"]
[EventCountry "TUR"]
[SourceTitle "CBM 209 Extra"]
[Source "ChessBase"]
[SourceDate "2022.09.30"]
[SourceVersion "1"]
[SourceVersionDate "2022.09.30"]
[SourceQuality "1"]

1. e4 e5 2. Nf3 Nf6 3. d3 Nc6 4. c3 g6 5. Be2 Bg7 6. 0-0 0-0 7. b4 d6 8. Nbd2 a6 9. a4 h6 10. Rb1 Nh5 11. g3 f5 12. exf5 Bxf5 13. b5 axb5 14. axb5 Nb8 15. Nc4 Nd7 16. Nh4 Nf4 17. Bxf4 exf4 18. Nxf5 Rxf5 19. Bg4 Rf8 20. d4 Nf6 21. Bf3 Rb8 22. Re1 Nh7 23. Qd3 Ng5 24. Bd5+ Kh7 25. h4 Nh3+ 26. Kg2 fxg3 27. Kxh3 gxf2 28. Re6 Rf4 29. Rxg6 Qxh4+ 30. Kg2 Kh8 31. Qg3 Qh5 32. Ne3 Rbf8 33. Rf1 c6 34. bxc6 bxc6 35. Bxc6 R4f7 36. Bd5 Re7 37. Rxf2 Rxf2+ 38. Kxf2 Kh7 39. Rg4 Qe8 40. Nf5 Re2+ 41. Kf1 Bf8 42. Rg7+ Kh8 43. Rh7+ 1-0

[Event "Istanbul op"]
[Site "Istanbul"]
[Date "2022.08.10"]
[Round "4"]
[White "Koksal, Ege"]
[Black "Uzumcu, Ahmet Utku"]
[Result "1-0"]
[WhiteElo "2331"]
[BlackElo "2249"]
[PlyCount "121"]
[EventDate "2022.08.08"]
[EventType "swiss"]
[EventRounds "9"]
[EventCountry "TUR"]
[SourceTitle "CBM 209 Extra"]
[Source "ChessBase"]
[SourceDate "2022.09.30"]
[SourceVersion "1"]
[SourceVersionDate "2022.09.30"]
[SourceQuality "1"]

1. c4 c6 2. d4 d5 3. Nc3 Nf6 4. Nf3 dxc4 5. a4 Bf5 6. Ne5 Nbd7 7. Nxc4 Nb6 8. Ne5 a5 9. f3 Nfd7 10. Nxd7 Nxd7 11. e4 Bg6 12. Be3 e6 13. Be2 Bb4 14. 0-0 0-0 15. Qb3 Qb6 16. Bf2 Qc7 17. Rac1 Rfe8 18. Rfd1 Bd6 19. g3 Bb4 20. Be3 Rad8 21. Kg2 Qb8 22. Nb1 Kh8 23. Na3 e5 24. dxe5 Qxe5 25. Nc4 Qe6 26. Nd2 Qe7 27. g4 f5 28. gxf5 Bxf5 29. Nf1 Be6 30. Bc4 Bxc4 31. Rxc4 Ne5 32. Rcd4 Rxd4 33. Bxd4 Ng6 34. Ng3 Nh4+ 35. Kh1 c5 36. Bf2 Rf8 37. Rd3 c4 38. Qxc4 Nxf3 39. Nf5 Ne5 40. Nxe7 Nxc4 41. Nf5 Ne5 42. Rd5 Nc6 43. Kg2 g6 44. Bd4+ Nxd4 45. Nxd4 Re8 46. e5 Re7 47. Kf3 Kg7 48. Ke4 Kf7 49. Ne2 Rc7 50. b3 Ke7 51. Rb5 Bd2 52. Rd5 Bb4 53. Nf4 Rc5 54. Rd3 b5 55. Nd5+ Kf7 56. Nxb4 axb4 57. Kd4 Rc8 58. axb5 Ke6 59. Ke4 Rc5 60. Rd6+ Ke7 61. b6 1-0

[Event "Ankara Baskent Univ op-A 5th"]
[Site "Ankara"]
[Date "2022.07.04"]
[Round "5"]
[White "Koksal, Ege"]
[Black "Odeev, Handszar"]
[Result "1/2-1/2"]
[WhiteElo "2356"]
[BlackElo "2287"]
[PlyCount "56"]
[EventDate "2022.07.02"]
[EventType "swiss"]
[EventRounds "9"]
[EventCountry "TUR"]
[SourceTitle "CBM 209 Extra"]
[Source "ChessBase"]
[SourceDate "2022.09.30"]
[SourceVersion "1"]
[SourceVersionDate "2022.09.30"]
[SourceQuality "1"]

1. d4 Nf6 2. c4 b6 3. Nc3 Bb7 4. f3 d5 5. cxd5 Nxd5 6. Nxd5 Qxd5 7. e4 Qd6 8. Be3 e5 9. Rc1 Qb4+ 10. Qd2 exd4 11. Bxd4 Qxd2+ 12. Kxd2 Nc6 13. Bb5 0-0-0 14. Bxc6 Bxc6 15. Ke3 Bb5 16. Nh3 Be7 17. Rhd1 Rd7 18. Nf4 Bg5 19. Bc3 Rhd8 20. Rxd7 Rxd7 21. g3 Kb7 22. Rc2 Be7 23. Rd2 Bc5+ 24. Bd4 Bb4 25. Rc2 Bf8 26. Rd2 Bb4 27. Rc2 Bf8 28. Rd2 Bb4 1/2-1/2